000 00963nam a2200325Ia 4500
001 Z_6202
003 CHAP
008 220113s1975 xx 000 0 und d
010 _a169446
040 _cCHAP
082 _a616.01 J39
100 _aJawetz, Ernest
_9144120
245 _aManual de microbiologia medica /
_cErnest Jawetz, Joséph L. Melnick, Edward A. Adelberg
260 _aMéxico :
_bManual Moderno,
_c1975
300 _a631 p.
440 _aSerie BME; 2
_9144121
500 _aTitulo original: Review of medical microbiology
503 _aej.1: ?
504 _aBibligrafía: p. 607 - 612, incluye índice
650 _aMicrobiología médica
_xManuales
_9144122
650 _aMicroorganismos patógenos
_xManuales
_9144123
700 _a Adelberg, Edward A., coaut.
_9144124
700 _aMelnick, Joséph L., coaut.
_9144125
901 _a616.01 J39
902 _aM
910 _a1975
942 _c1
942 _cc1
999 _c169446
_d169446